Quizzes
Events
Quiz Creation
Community
Videos
Private Events
Remove Ads
Sign In
Join for FREE
Feedback
Dark Mode
Quiz Categories
Sports
Geography
Music
Movies
Television
Just For Fun
Miscellaneous
History
Literature
Language
Science
Gaming
Entertainment
Religion
Holiday
For Kids
Quiz Lab
Recent
Popular Today
Quiz Kudos Today
Editor Picks
Curator Picks
Quizzes by...
Day
Popularity
Type
Ratings
Length
Year
Community
Subscriptions
Recent Discussions
Orange Saloon
Badges
Playlists
Quests
Create
Leaderboards
Showdown
Live 5
Trivia Bingo
Activity
Puzzle Library
Sporcle Events
Private Events
Virtual Trivia
Globe League
Become a Host
Pub Owners
SporcleCon
Opinionation
Our Games
Videos
Blog
Mobile Apps
Partnerships
Remove Ads and Go Orange
Feedback
Gaming
Video Games
Board Games
Card Games
Pokémon
Mario
Nintendo
Minecraft
Console
Toys
Legend of Zelda
Gaming
Video Games
Board Games
Card Games
Pokémon
Mario
Nintendo
Minecraft
Console
Toys
Legend of Zelda
Random Quiz
Search Sporcle
×
Quiz Lab
Quiz Lab
Gaming
Nintendo
Type in answers that appear in a list
Type in answers that appear in a list
Classic
Best Score? Go Orange.
Super Mario 64 Names of Stars Stats
Can you name all of the stars in Super Mario 64
By
BelarusBacon
18m
120 Questions
22 Plays
22 Plays
22 Plays
Comments
Comments
Give Quiz Kudos
Give Quiz Kudos
-
- Ratings
hide this ad
Replay
Link that replays current quiz
Next Quiz
Link to next quiz in quiz playlist
You Got
0%
They Got
Avg Score
35%
Avg Friend Score
Upgrade to see
Score Distribution
Jump to the score distribution portion of the page
Score
0/120
Timer
18:00
0
Plays Today
Course
Star
% Correct
Bob-
Omb Battlefield
Footrace with Koopa the Quick
63.6%
Bob-
Omb Battlefield
100 Coins
63.6%
Whomp's Fortress
100 Coins
63.6%
Jolly Roger Bay
100 Coins
63.6%
Cool, Cool Mountain
Wall Kicks Will Work
63.6%
Cool, Cool Mountain
100 Coins
63.6%
Big Boo's Haunt
100 Coins
63.6%
Hazy Maze Cave
100 Coins
63.6%
Lethal Lava Land
100 Coins
63.6%
Shifting Sand Land
100 Coins
63.6%
Dire, Dire Docks
100 Coins
63.6%
Snowman's Land
100 Coins
63.6%
Wet-
Dry World
100 Coins
63.6%
Tall, Tall Mountain
100 Coins
63.6%
Tiny-
Huge Island
100 Coins
63.6%
Tick Tock Clock
100 Coins
63.6%
Rainbow Ride
100 Coins
63.6%
Bob-
Omb Battlefield
Mario Wings to the Sky
59.1%
Jolly Roger Bay
Can the Eel Come Out to Play?
59.1%
Bob-
Omb Battlefield
Behind Chain Chomp's Gate
54.5%
Hazy Maze Cave
Watch For Rolling Rocks
54.5%
Bob-
Omb Battlefield
Find the 8 Red Coins
50%
Whomp's Fortress
Chip Off Whomp's Block
50%
Whomp's Fortress
Red Coins on the Floating Isle
50%
Whomp's Fortress
Blast Away the Wall
50%
Cool, Cool Mountain
Li'l Penguin Lost
50%
Bowser in the Dark World
Bowser Battle #1
50%
Bowser in the Fire Sea
Bowser Battle #2
50%
Bowser in the Sky
Bowser Battle #3
50%
Whomp's Fortress
Shoot into the Wild Blue
45.5%
Big Boo's Haunt
Go on a Ghost Hunt
45.5%
Big Boo's Haunt
Eye to Eye in the Secret Room
45.5%
Hazy Maze Cave
Metal-Head Mario Can Move!
45.5%
Shifting Sand Land
Shining Atop the Pyramid
45.5%
Dire, Dire Docks
Board Bowser's Sub
45.5%
Wet-
Dry World
Secrets in the Shallows and Sky
45.5%
Tiny-
Huge Island
Rematch with Koopa the Quick
45.5%
Whomp's Fortress
To the Top of the Fortress
40.9%
Jolly Roger Bay
Through the Jet Stream
40.9%
Cool, Cool Mountain
Big Penguin Race
40.9%
Course
Star
% Correct
Cool, Cool Mountain
Snowman's Lost His Head
40.9%
Dire, Dire Docks
Through the Jet Stream
40.9%
Wet-
Dry World
Shocking Arrow Lifts!
40.9%
Tick Tock Clock
Stomp on the Thwomp
40.9%
Rainbow Ride
Tricky Triangles!
40.9%
Bob-
Omb Battlefield
Big Bob-Omb on the Summit
36.4%
Bob-
Omb Battlefield
Shoot to the Island in the Sky
36.4%
Jolly Roger Bay
Plunder in the Sunken Ship
36.4%
Jolly Roger Bay
Blast to the Stone Pillar
36.4%
Cool, Cool Mountain
Slip Slidin' Away
36.4%
Cool, Cool Mountain
Frosty Slide For 8 Red Coins
36.4%
Big Boo's Haunt
Seek the 8 Red Coins
36.4%
Big Boo's Haunt
Big Boo's Balcony
36.4%
Hazy Maze Cave
Swimming Beast in the Cavern
36.4%
Hazy Maze Cave
Elevate For 8 Red Coins
36.4%
Hazy Maze Cave
A-Maze-Ing Emergency Exit
36.4%
Lethal Lava Land
Boil the Big Bully
36.4%
Lethal Lava Land
Bully the Bullies
36.4%
Lethal Lava Land
Hot-Foot-It Into the Volcano
36.4%
Snowman's Land
In the Deep Freeze
36.4%
Wet-
Dry World
Top o' the Town
36.4%
Whomp's Fortress
Fall Onto the Caged Island
31.8%
Jolly Roger Bay
Red Coins on the Ship Afloat
31.8%
Lethal Lava Land
8-Coin Puzzle with 15 Pieces
31.8%
Lethal Lava Land
Red-Hot Log Rolling
31.8%
Shifting Sand Land
In the Talons of the Big Bird
31.8%
Shifting Sand Land
Stand Tall on the Four Pillars
31.8%
Shifting Sand Land
Pyramid Puzzle
31.8%
Dire, Dire Docks
Chests in the Current
31.8%
Dire, Dire Docks
Pole Jumping For Red Coins
31.8%
Dire, Dire Docks
Collect the Caps
31.8%
Snowman's Land
Snowman's Big Head
31.8%
Tall, Tall Mountain
Mystery of the Monkey Cage
31.8%
Tall, Tall Mountain
Blast to the Lonely Mushroom
31.8%
Tick Tock Clock
Stop Time For Red Coins
31.8%
Rainbow Ride
Somewhere Over the Rainbow
31.8%
Jolly Roger Bay
Treasure of the Ocean Cave
27.3%
Big Boo's Haunt
Ride Big Boo's Merry-Go-Round
27.3%
Big Boo's Haunt
Secret of the Haunted Books
27.3%
Hazy Maze Cave
Navigating the Toxic Maze
27.3%
Course
Star
% Correct
Lethal Lava Land
Elevator Tour in the Volcano
27.3%
Shifting Sand Land
Inside the Ancient Pyramid
27.3%
Shifting Sand Land
Free Flying For 8 Red Coins
27.3%
Dire, Dire Docks
The Manta Ray's Reward
27.3%
Snowman's Land
Chill with the Bully
27.3%
Tall, Tall Mountain
Scale the Mountain
27.3%
Tall, Tall Mountain
Scary 'Shrooms, Red Coins
27.3%
Tall, Tall Mountain
Mysterious Mountainside
27.3%
Tiny-
Huge Island
Wiggler's Red Coins
27.3%
Tiny-
Huge Island
Make Wiggler Squirm
27.3%
Tick Tock Clock
Get a Hand
27.3%
Rainbow Ride
The Big House in the Sky
27.3%
Snowman's Land
Whirl From the Freezing Pond
22.7%
Snowman's Land
Into the Igloo
22.7%
Wet-
Dry World
Express Elevator--Hurry Up!
22.7%
Wet-
Dry World
Go to Town For Red Coins
22.7%
Wet-
Dry World
Quick Race Through Downtown!
22.7%
Tall, Tall Mountain
Breathtaking View From Bridge
22.7%
Tiny-
Huge Island
Pluck the Piranha Flower
22.7%
Tiny-
Huge Island
The Tip Top of the Huge Island
22.7%
Tiny-
Huge Island
Five Itty Bitty Secrets
22.7%
Tick Tock Clock
Timed Jumps on Moving Bars
22.7%
Rainbow Ride
Cruiser Crossing the Rainbow
22.7%
Snowman's Land
Shell Shreddin' For Red Coins
18.2%
Tick Tock Clock
Roll Into the Cage
18.2%
Tick Tock Clock
The Pit and the Pendulums
18.2%
Rainbow Ride
Swingin' in the Breeze
18.2%
Secret Star
Mips 1
13.6%
Secret Star
Mips 2
13.6%
Wing Cap Course
Wing Cap 8 Red Coins
9.1%
Vanish Cap Course
Vanish Cap 8 Red Coins
9.1%
Metal Cap Course
Metal Cap 8 Red Coins
9.1%
Rainbow Ride
Coins Ammased in a Maze
4.5%
Bowser in the Dark World
8 Red Coins in the Dark World
4.5%
Bowser in the Fire Sea
8 Red Coins in the Fire Sea
4.5%
Bowser in the Sky
8 Red Coins in the Sky
4.5%
Secret Star
Princess' Slide 1
4.5%
Secret Star
Princess' Slide 2
4.5%
Secret Star
Aquarium 8 Red Coins
4.5%
Secret Star
Rainbow Over the Water
4.5%
Quiz Playlist
Details
Report
Send in Message
Add To Playlist
Classic:
Type in answers that appear in a list
Last Updated: Feb 16, 2017
Quiz Scoreboard
CHALLENGE
Sign Up to Join the Scoreboard
Show All
Scores
Hide
Comments
May contain spoilers
Recently Published
Presidents Visiting Landmarks
by Hejman
History
7m
An Introduction to Baseball
by treessimontrees
Sports
5m
Movies - When Are They Set?
by FPL_Elf
Movies
5m
More to Explore
Quiz From the Vault
Featured Blog Post
Where Did the Easter Bunny Come From?
hide this ad
You Might Also Like...
Tags
Mario Quiz
Nintendo Quiz
Today's Top Quizzes in Gaming
Browse Gaming
hide this ad
Today's Top Quizzes in Nintendo
Browse Nintendo
Top Contributed Quizzes in Gaming
1
5-to-1: Consoles
2
7-to-1: Board Game Piece Blitz
3
5-to-1: Legend of Zelda
4
Destiny 2 exotic weapons by perk icons
5
Ultimate Genshin Impact Logic Puzzle (up to 4.3)
6
Franchise by Action Figure
7
Overwatch Logic Puzzle
8
Who's on the WWE 2K24 Cover?
9
Genshin Impact Logic Puzzle Quiz
10
Windmill: Pokémon
Explore More
Trending Topics
Crossword
Kpop
Disney
NBA
Marvel
Harry Potter
Anime
NFL
Puzzle
Song
WWE
The Office
Soccer
Pokémon
Country
hide this ad
More By:
BelarusBacon
Quiz
Plays
Rating
Category
Featured
Created
Quick Pick: CS:GO Maps
9,853
4.50
Gaming
Aug 8, 2017
100 Most Populous Cities of California
2,978
5.00
Geography
Jan 28, 2014
Pokemon Weaknesses
868
3.00
Gaming
Mar 2, 2014
Sega Consoles in Order
847
4.60
Gaming
Jul 8, 2016
Mountain Ranges on a Map
565
4.25
Geography
Jan 3, 2016
Go to Creator's Profile
Score Distribution
Quiz Creator Spotlight
BelarusBacon
Follow
Send a Message
Quizzes Created
-
Created Quiz Play Count
-
More By This Creator
Popular Quizzes Today
1
Find the US States - No Outlines Minefield
2
Find the Countries of Europe - No Outlines Minefield
3
The Countries of the World
4
Find the US States
5
Popular People in 1961
6
US States
7
Risky Map Clicking: Biggest States A-Z
8
Movies - When Are They Set?
More Gaming Quizzes
MINECRAFT MOBS (2020)
Quiz Lab
Trending Quizzes
Risky Map Clicking: Least Populous States A-Z
1-10 Letter G Words
1-10 Letter F Words
Risky Map Clicking: Next State Alphabetically
Risky Map Clicking: Biggest States A-Z
Recently Updated
Leaping Animals
pecheneg
Reality TV Shows (A-Z)
bhenderson79
Rickey Henderson's Hall of Fame Teammates
pecheneg
Champions League XIs: Arsenal
pecheneg
Quick Pick: Celebrities in WWE's Hall of Fame
aduchscher
A-Z Keypad Blitz II
pecheneg
Multiple Oscar Actors
pecheneg
Mystery Phrase Blitz: Oscar 'Best Actors'
pecheneg
F. Scott Fitzgerald Novels
LTH
Pick 3 Villains
ddd62291
Trending Topics
Harry Potter
Disney
Marvel
Anime
NBA
Crossword
Kpop
Pokémon
Song
The Office
WWE
Soccer
NFL
Puzzle
Country
Your Account Isn't Verified!
In order to create a playlist on Sporcle, you need to verify the email address you used during registration. Go to your
Sporcle Settings
to finish the process.
Report this User
Report this user for behavior that violates our
Community Guidelines
.
Details:
Send Report
Go to the Sporcle.com Mobile Site →
Comments